000 00356nam a22001577a 4500
003 OSt
005 20250301102022.0
007 306 pages
008 250301b |||||||| |||| 00| 0 eng d
020 _a9781847941831
040 _c
082 _a155.24
_bCLE
245 _aAtomic Habits
_cClear James
260 _bCorner Stone
_c2022
942 _2ddc
_cBK
_n0
999 _c36191
_d36191